| 000 | 01276cam a22003617a 4500 | ||
|---|---|---|---|
| 003 | CHAP | ||
| 005 | 20220329142815.0 | ||
| 008 | 040211s2002 mx a r 00010 spa d | ||
| 010 | _a88040 | ||
| 011 | _a89012 | ||
| 020 | _a9685580006 | ||
| 035 | _a99561 | ||
| 040 | _cCHAP | ||
| 082 | 0 | 4 |
_a584.15 _bS2 |
| 100 | 0 | 0 |
_aSánchez Martínez, Antonio. _9107676 |
| 245 | 1 | 0 |
_aOrquídeas de Campeche _c/por Antonio Sánchez-Martínez, Manuel Sarmiento y Joann M. Andrews |
| 260 |
_aMéxico, D.F. : _bInstituto Nacional de Investigaciones Forestales, Agrícolas y Pecuarias, _c2002. |
||
| 300 |
_a218 p. : _bilus. |
||
| 590 |
_aBATCH-UPD _b10 _c20130110 _lUCH01 _h0200 |
||
| 590 |
_aBATCH-UPD _b10 _c20130110 _lUCH01 _h2237 |
||
| 590 |
_aBATCH-UPD _b10 _c20130409 _lUCH01 _h2207 |
||
| 590 |
_aBATCH-UPD _b10 _c20130914 _lUCH01 _h0329 |
||
| 590 |
_aCONVERSION _b10 _c20130109 _lUCH01 _h1349 |
||
| 650 | 0 | 4 |
_aOrquidáceas _zCampeche. _983740 |
| 650 | 0 | 4 |
_aRecursos naturales _xCampeche. _995213 |
| 700 | 0 |
_aAndrews, Joann M. _95704 |
|
| 700 | 0 |
_aSarmiento, Manuel. _9102654 |
|
| 901 | _aBK | ||
| 905 | _aAlejandra Carrasco M. | ||
| 942 | _cLIBRO | ||
| 949 |
_a584.15 S2 _bBC _cC _d33724000914776 _eC _fc.2 _h104350 _i99561 _sb |
||
| 949 |
_a584.15 S2 _bBC _cC _d33724000914834 _eC _h104349 _i99561 _sb |
||
| 999 |
_c88040 _d88040 |
||